| 000 | 00536nam a22001937a 4500 | ||
|---|---|---|---|
| 005 | 20260422131741.0 | ||
| 008 | 260422b |||||||| |||| 00| 0 eng d | ||
| 020 |
_a9789389393453 _c995.00 |
||
| 040 | _aMAIN | ||
| 041 | _aEnglish | ||
| 082 |
_a592 _bPAR |
||
| 100 |
_aRastogi, Veer Bala (ed) _926679 |
||
| 245 | _aParker And Haswell Text Book Of Zoology Vertebrates | ||
| 250 | _a8th | ||
| 260 |
_aNew Delhi _bMedTech Science Press _c2024 |
||
| 300 |
_a874 _bVol.1st |
||
| 650 |
_aBiological Science (PM USHA) _926674 |
||
| 942 | _cBK | ||
| 999 |
_c60677 _d60677 |
||